Enviromental UV Radiation: Impact on ecosystems and human health and predictive models / (Record no. 179123)
[ view plain ]
| 000 -LEADER | |
|---|---|
| fixed length control field | 01150nam a2200277 u 4500 |
| 001 - CONTROL NUMBER | |
| control field | 000486803 |
| 003 - CONTROL NUMBER IDENTIFIER | |
| control field | AM-YeHGA |
| 005 - DATE AND TIME OF LATEST TRANSACTION | |
| control field | 20250617134256.0 |
| 008 - FIXED-LENGTH DATA ELEMENTS--GENERAL INFORMATION | |
| fixed length control field | 060504s2006 ne |||||r|||||000|0|eng|d |
| 020 ## - INTERNATIONAL STANDARD BOOK NUMBER | |
| International Standard Book Number | 1402036957(HB) |
| 020 ## - INTERNATIONAL STANDARD BOOK NUMBER | |
| International Standard Book Number | 1402036965(PB) |
| 040 ## - CATALOGING SOURCE | |
| Original cataloging agency | AM-YeHGA |
| 041 0# - LANGUAGE CODE | |
| Language code of text/sound track or separate title | eng |
| 090 ## - LOCALLY ASSIGNED LC-TYPE CALL NUMBER (OCLC); LOCAL CALL NUMBER (RLIN) | |
| -- | 180571 |
| 245 00 - TITLE STATEMENT | |
| Title | Enviromental UV Radiation: Impact on ecosystems and human health and predictive models / |
| Statement of responsibility, etc. | Ed. by Francesco Ghetti, Giovanni Checcucci, Janet F. Bornman. |
| 260 ## - PUBLICATION, DISTRIBUTION, ETC. | |
| Place of publication, distribution, etc. | Dordrecht, The Netherlands : |
| Name of publisher, distributor, etc. | Springer, |
| Date of publication, distribution, etc. | 2006. |
| 300 ## - PHYSICAL DESCRIPTION | |
| Extent | viii, 288 p. : |
| Other physical details | ill. |
| 440 #0 - SERIES STATEMENT/ADDED ENTRY--TITLE | |
| Title | NATO Science Series |
| Number of part/section of a work | IV : |
| Name of part/section of a work | Earth and Environmental Sciences |
| Volume/sequential designation | Vol. 57 |
| 500 ## - GENERAL NOTE | |
| General note | Proceedings of the NATO Advanced Study Institute on Enviromental UV Radiation: Impact on Ecosystems and Human Health and Predictive Models, Pisa, Italy, June 2001 |
| 504 ## - BIBLIOGRAPHY, ETC. NOTE | |
| Bibliography, etc. note | Includes bibliogr. references |
| 650 14 - SUBJECT ADDED ENTRY--TOPICAL TERM | |
| Topical term or geographic name entry element | Ultraviolet radiation |
| General subdivision | Environmental aspects |
| 700 1# - ADDED ENTRY--PERSONAL NAME | |
| Personal name | Francesco Ghetti |
| Relationship | edt |
| 700 1# - ADDED ENTRY--PERSONAL NAME | |
| Personal name | Checcucci, Giovanni |
| Relationship | edt |
| 700 1# - ADDED ENTRY--PERSONAL NAME | |
| Personal name | Bornman, Janet F. |
| Relationship | edt |
| 710 2# - ADDED ENTRY--CORPORATE NAME | |
| Corporate name or jurisdiction name as entry element | North Atlantic Treaty Organization |
| Subordinate unit | Scientific Affairs Division |
| Withdrawn status | Lost status | Damaged status | Not for loan | Collection | Home library | Current library | Date acquired | Total checkouts | Full call number | Barcode | Date last seen | Price effective from | Koha item type | Public note |
|---|---|---|---|---|---|---|---|---|---|---|---|---|---|---|
| General | Fundamental Scientific Library | Fundamental Scientific Library | 28/12/2016 | 502.3:539.16 | 320113035 | 28/12/2016 | 28/12/2016 | Գրքեր / Books | 30 Days Loan |
ՀՀ Գիտությունների ազգային ակադեմիայի հիմնարար գիտական գրադարան = Fundamental Scientific Library of NAS RA
All site content, except where otherwise noted, is licensed under a